Spanish Translations of Song Titles #7 - Statistics

General Stats
  • This quiz has been taken 450 times
  • The average score is 12 of 28
Answer Stats
Hint Answer % Correct
Complicado Complicated
94%
Negro y Amarillo Black and Yellow
89%
Dulce Carolina Sweet Caroline
83%
Guerra War
80%
Alejandro Alejandro
77%
Dulce Patria Alabama Sweet Home Alabama
77%
El Monstruo The Monster
65%
Hielo Hielo Bebé Ice Ice Baby
61%
Surfeado EEUU Surfin' USA
60%
Señora Mermelada Lady Marmalade
59%
Cuando Yo Era Tu Hombre When I Was Your Man
58%
Noventa y Nueve Globos Rojos 99 Red Balloons
49%
Bebé Tiene Espalda Baby Got Back
46%
¿Debo Quedarme o Debo Irme? Should I Stay or Should I Go?
40%
Lo Mejor de Ambos Mundos The Best of Both Worlds
39%
Reina Asesina Killer Queen
34%
El Restaurante de Alicia Alice's Restaurant
33%
Loba She Wolf
24%
Amor Contaminado Tainted Love
24%
Son las Cinco en Algún Lugar It's Five O'Clock Somewhere
21%
Chica Golosina Candy Girl
12%
Fiebre Rasguño de Gato Cat Scratch Fever
11%
Jardín de un Pulpo Octopus's Garden
11%
Eres Tan Presumido You're So Vain
11%
Hombre Goma Elástica Rubberband Man
8%
Paseo Lento Slow Ride
7%
Prende Tus Discos Put Your Records On
4%
El Lema The Motto
4%
No matching quizzes found
Score Distribution
Percent of People with Each Score
Percentile by Number Answered
Your Score History
You have not taken this quiz